Psychoanalytic diagnosis (Record no. 999666)

MARC details
000 -LEADER
fixed length control field 00828nam a2200253Ia 4500
003 - CONTROL NUMBER IDENTIFIER
control field OSt
005 - DATE AND TIME OF LATEST TRANSACTION
control field 20221005093005.0
008 - FIXED-LENGTH DATA ELEMENTS--GENERAL INFORMATION
fixed length control field 221004b |||||||| |||| 00| 0 eng d
020 ## - INTERNATIONAL STANDARD BOOK NUMBER
International Standard Book Number 0898621992 (hbk)
037 ## - SOURCE OF ACQUISITION
Terms of availability Textual
040 ## - CATALOGING SOURCE
Original cataloging agency CRL
Transcribing agency CRL
Language of cataloging eng
041 ## - LANGUAGE CODE
Source of code eng
Language code of text/sound track or separate title eng
100 ## - MAIN ENTRY--PERSONAL NAME
Personal name McWilliams Nancy
9 (RLIN) 34909
245 #0 - TITLE STATEMENT
Title Psychoanalytic diagnosis
Remainder of title Understanding personality structure in the clinical process
260 ## - PUBLICATION, DISTRIBUTION, ETC.
Place of publication, distribution, etc. New York
Name of publisher, distributor, etc. The Guilford Press USA
Date of publication, distribution, etc. 1994
300 ## - PHYSICAL DESCRIPTION
Extent xviii,398p.
Dimensions cm.
650 ## - SUBJECT ADDED ENTRY--TOPICAL TERM
Topical term or geographic name entry element PSYCHOLOGY
942 ## - ADDED ENTRY ELEMENTS (KOHA)
Classification part SM9:86, N4
Koha item type Textual
Source of classification or shelving scheme
Holdings
Withdrawn status Lost status Damaged status Not for loan Home library Current library Date acquired Source of acquisition Cost, normal purchase price Total Checkouts Full call number Barcode Date last seen Cost, replacement price Price effective from Koha item type
        Central Library Central Library 2022-10-05 5309, 23/03/2009, Efficient Book Distributors 2632.76   SM9:86 N4 CL1387210 2022-10-05 2632.76 2022-10-05 Textual
Copyright @ Delhi University Library System